000 00699cam a22002413a 4500
001 16420
003 PGUSA
005 20140828083341.0
008 050803s2005||||xxu|||||s|||||000 p eng d
040 _aPGUSA
_beng
042 _adc
050 4 _aPN
100 1 _aPuttenham, George,
_d-1590
245 1 4 _aThe Arte of English Poesie
_h[electronic resource] /
_cGeorge Puttenham
260 _bProject Gutenberg,
_c2005
506 _aPublic domain in the USA.
516 _aElectronic text
653 _aEnglish poetry -- History and criticism
653 _aPoetry -- Early works to 1800
830 0 _aProject Gutenberg
_v16420
856 4 0 _uhttp://www.gutenberg.org/ebooks/16420
942 _cEB
999 _c245675
_d245675